00799 2200277 4500001002100000005001500021035002000036007000300056008004100059020002200100082001100122084001700133100003600150245007000186250002500256260004300281300002700324500003500351650001900386700001500405700001500420504003000435520003400465990001100499990001100510INLIS00000000000344320190520104215 a0010-0519000035ta190520 g 0 ind  a978-602-1683-43-9 a297.63 a297.63 SHA a0 aSHAFIYYURRAHMAN, Al-Mubarakfuri1 aAr-Rahiqul Makhtum Sirah Nabawi /cShafiyyurrahman Al-Mubarakfuri aed. indonesia, cet.1 aSukmajaya :bFathan Media Prima,c2018 axxiv, 656 hlm ;c24 cm aJudul asli: Ar-Rahiqul Makhtum 4aISLAM. SEJARAH0 aABU, Ahsan0 aABU, Nayra aBibliografi: hlm. 653-656 aedisi indonesia: Sirah Nabawi a6552 a a6552 b